Pays avec un tiret dans leur nom - Statistiques

Statistiques générales
  • Ce quiz a été pris 263 fois
  • Le résultat moyen est 10 sur 15
Statistiques - réponses
Continent Pays % Correct
Europe Pays-Bas
89%
Océanie Nouvelle-Zélande
76%
Europe Royaume-Uni
72%
Europe Bosnie-Herzégovine
69%
Europe Saint-Marin
67%
Océanie Papouasie-Nouvelle-Guinée
64%
Amérique du Nord Saint-Vincent-et-les-Grenadines
63%
Afrique Cap-Vert
62%
Amérique du Nord États-Unis
62%
Amérique du Nord Sainte-Lucie
60%
Amérique du Nord Saint-Christophe-et-Nièves
59%
Amérique du Nord Trinité-et-Tobago
58%
Afrique Sao Tomé-et-Principe
56%
Amérique du Nord Antigua-et-Barbuda
55%
Afrique Guinée-Bissau
50%
Aucun quiz correspondant
Distribution des résultats
% des personnes avec chaque résultat
Percentile par nombre de réponses
Votre historique - résultats
Vous n’avez pas pris ce quiz